The Fairly OddParents (Theme) - All Lyrics - Statistics

General Stats
  • This quiz has been taken 91 times
  • The average score is 70 of 95
Answer Stats
Answer % Correct
a
96%
an
96%
and
96%
and
96%
and
96%
and
96%
average
96%
Dad
96%
is
96%
is
96%
kid
96%
kid
96%
Mom
96%
Timmy
96%
that
94%
fairly
93%
fairly
93%
fairly
93%
fairly
93%
no
93%
one
93%
Vicky
93%
understands
91%
always
90%
giving
87%
him
87%
Oddparents,
87%
oddparents
87%
Oddparents,
87%
oddparents
87%
Oddparents,
87%
oddparents
87%
oddparents!
87%
his
85%
his
85%
his
85%
his
85%
commands
84%
The
84%
are
82%
are
82%
chocolate
82%
in
82%
in
82%
shake!
81%
wish
81%
every
78%
they
76%
when
76%
fish
75%
grant
75%
reality,
75%
room
75%
juice
72%
Giant
69%
snake,
69%
things
69%
birthday
67%
up
67%
who
67%
fries,
66%
large
66%
little
66%
wings
66%
with
66%
cake,
64%
‘Cause
64%
goose,
64%
Wands
64%
crowny
63%
gloom
63%
pea
63%
you
63%
guava
61%
magic
61%
doom
60%
green
60%
Floaty,
57%
rubber
57%
instantly
55%
moose,
55%
Obtuse,
54%
hot
51%
rod
51%
broken
45%
by
45%
your
39%
It
37%
lid
36%
pod
36%
bod,
34%
Buff
33%
flips
31%
mod,
27%
Really
27%
No matching quizzes found
Score Distribution
Percent of People with Each Score
Percentile by Number Answered
Your Score History
You have not taken this quiz